| 000 | 00456nam a2200169 i 4500 | ||
|---|---|---|---|
| 001 | 70272 | ||
| 003 | ES-MaACL | ||
| 005 | 20230906170755.0 | ||
| 007 | t| | ||
| 008 | 040721s1891 sp ||||1| spa d | ||
| 080 | _a821.134.2-14"19" | ||
| 100 | 1 |
_aGarcía Rey, M. _955171 |
|
| 245 | 1 | 0 |
_aDiputados "fín de siglo" / _cM. García Rey. |
| 260 |
_aMadrid : _bLibrería de Luis Robles, _c1891. |
||
| 300 |
_a79 p. ; _c20 cm. |
||
| 852 |
_aES-MaACL _jT-1375-F-2 |
||
| 999 |
_c70272 _d70272 |
||